Origen de los poderes del paterfamilias. El pater familias y la patria potestas El pater familias y la patria potestas

שמור ב:
מידע ביבליוגרפי
מחבר ראשי: Amunátegui Perelló, Carlos Felipe (autor)
פורמט: ספר
שפה:ספרדית
יצא לאור: Madrid, España: Dykinson, 2009.
סדרה:Colección Monografías de Derecho Romano. Sección Derecho Público y Privado Romano, 42.
נושאים:
תגים: הוספת תג
אין תגיות, היה/י הראשונ/ה לתייג את הרשומה!

MARC

LEADER 00000nam a2200000 a 4500
001 UCH1764
003 CL-VaPUC
005 20220822114359.0
008 090514e20090000SP |||||||||||||||||spa|d
999 |c 333679  |d 333677 
020 |a 978-84-9849-429-7 
040 |c Pontificia Universidad Católica de Valparaíso 
082 0 4 |a 340.54 AMU 2009  |2 21 
100 0 |a Amunátegui Perelló, Carlos Felipe  |e autor  |9 536305 
245 1 0 |a Origen de los poderes del paterfamilias. El pater familias y la patria potestas  |b El pater familias y la patria potestas 
260 |a Madrid, España:   |b Dykinson,   |c 2009. 
300 |a 411 páginas.  
490 0 |a Colección Monografías de Derecho Romano. Sección Derecho Público y Privado Romano, 42. 
500 |a c.2 Donación Familia Prof. Alejandro Guzmán Brito. 
583 |a last modification  |c 20090514 00:00:00  |k Rodrigo Vera 
650 0 |a Derecho romano  |9 255930 
650 0 |a Patria potestad  |9 369365 
650 0 |a Derecho de familia  |9 255603 
942 |c BK  |2 ddc  |n 0 
945 |d 20090514 00:00:00  |a rbrito 
952 |0 0  |1 0  |4 0  |6 340_540000000000000_AMU_2009  |7 0  |8 A  |9 422245  |a BIBDER  |b BIBDER  |d 2019-11-22  |i 4545850  |l 2  |o 340.54 AMU 2009  |p 4545850  |r 2023-05-02  |s 2023-05-02  |w 2019-11-22  |y BK  |k DER 
952 |0 0  |1 0  |2 ddc  |4 0  |6 340_540000000000000_AMU_2009  |7 1  |8 C_AGB  |9 581297  |a BIBDER  |b BIBDER  |d 2022-02-14  |e Donación   |i 564643K  |o 340.54 AMU 2009  |p 564643K  |r 2023-01-25  |t 2  |w 2022-02-14  |y BK_US  |k AGB